| 000 | 00414nam a2200145Ia 4500 | ||
|---|---|---|---|
| 008 | 240729s9999 xx 000 0 und d | ||
| 022 | _a2077-5504 | ||
| 245 | 0 | _aLearning & Teaching in Higher Education: Gulf Perspectives | |
| 260 | _aUnited Kingdom | ||
| 260 | _bEmerald Publishing | ||
| 650 | _aEducation | ||
| 856 | _uhttps://doaj.org/toc/814b3c48bd03462a90d63138f8f276be | ||
| 942 | _2ddc | ||
| 942 | _cDOAJEJ | ||
| 999 |
_c72426 _d72426 |
||
| 945 |
_a1 _bMadushi Gamage _c1 _dMadushi Gamage |
||